| 000 | 00444cam a2200145 a 4500 | ||
|---|---|---|---|
| 082 | 0 | 0 |
_a530 _bMOR _cL-13, P-73 |
| 100 | 1 |
_aMorley, Arthur _939734 |
|
| 245 | 1 | 0 |
_aBASIC engineering, science, _cMorley Arthur |
| 260 |
_aLondon _bWilliam Clowes and Sons Ltd _cc1965. |
||
| 300 |
_axiv, 399 p. : _bill. ; _c17 cm. |
||
| 526 |
_a0 _b0 _c0 _d530_000000000000000_MOR |
||
| 526 |
_a0 _b0 _c0 _d530_000000000000000_MOR |
||
| 650 | 0 |
_aMCE _9379 |
|
| 942 |
_2ddc _cBK |
||
| 999 |
_c544179 _d544179 |
||